00363nam a22001457a 4500003000400000005001700004008004100021020001800062040002400080050001200104082001500116100001800131245002700149260004100176OSt20211115092756.0211115b |||||||| |||| 00| 0 eng d a81-7023-057-8 cHawassa University  a635/RAN a635/RANb1 aRandhawa G.S. aFloriculture in India  aNew Delhi bAllied Publishers c1986